000 00338nam a22001337a 4500
020 _qPB.
040 _cFIZZA ISHAQ
082 _a005.8
_bBIL
100 _aNELSON, BILL
_955485
245 _aGUIDE TO COMPUTER FOREN SLES /
_cBILL NELSON & KRANK ENFINGER
260 _aNEW YORK :
_bTHOMSON,
_c2008.
300 _a693 P. ;
942 _2ddc
_cBK
999 _c566332
_d566332